Wypisz wszystkich sąsiadów następujących krajów #4 - Statystyki

Ogólne statystyki
  • Ten quiz został rozwiązany 4 403 razy
    4 397 od ostatniego zresetowania
  • Średni wynik to 31 z 38
Statystyki odpowiedzi
Odpowiedź % Poprawnych
Chiny
97%
Litwa
95%
Łotwa
95%
Polska
95%
Ukraina
95%
Estonia
94%
Francja
93%
Kazachstan
93%
Białoruś
92%
Brazylia
92%
Mongolia
92%
Austria
91%
Finlandia
91%
Szwajcaria
90%
Arabia Saudyjska
89%
Jemen
87%
Peru
87%
Sudan
87%
Wenezuela
87%
Słowenia
85%
Watykan
85%
Gruzja
84%
San Marino
83%
Egipt
82%
Azerbejdżan
81%
Ekwador
79%
Syria
79%
Zjednoczone Emiraty Arabskie
79%
Korea Północna
78%
Jordania
77%
Etiopia
73%
Panama
72%
Liban
68%
Norwegia
66%
Kenia
60%
Demokratyczna Republika Konga
54%
Uganda
50%
Republika Środkowoafrykańska
48%
Nie znaleziono quizów pasujących do podanych kryteriów
Rozkład punktacji
Procent ludzi z każdym wynikiem
Percentyl według liczby udzielonych odpowiedzi
Twoja historia wyników
Nie rozwiązałeś tego quizu od ostatniego zresetowania